000 00366nam a2200133Ia 4500
008 240624s9999 xx 000 0 und d
041 _aeng
082 _a658 DRU
100 _aDRUCKER PETER
245 _aON THE PROFESSION OF MANAGEMENT A HARVAR
260 _c2005
_aBoston
_bHarvard Business School Press
300 _axvii, : 201 : p. : cm. ; 23
365 _cRS
_b30
999 _c14536
_d14536